000 00635nam a2200217Ia 4500
005 20250508162008.0
008 008 250505s9999 xx 000 0 eng d
037 _aTextual
040 _aFEDL
_beng
_cFEDL
041 _aeng
_2eng
084 _a330, BAU
_qFEDL
100 _aBaumol William J.
245 0 _aEconomic dynamics: An introduction
245 0 _cGovernment of India. Ministry of Community Development and Cooperation
250 _a3
260 _aNew York, USA
_bMacmillan Publishing Co.
_c1970
300 _axix, 472p.
650 _aEconomics
942 _cTEXL
_h330, BAU
999 _c1373720
_d1373720